000 00543nam a22001937a 4500
003 KOHA_MİRAKIL
005 20251221173855.0
008 251221b tu ||||| |||| 00| 0 tur d
020 _a9786058381964
040 _aTR-AnABB
_btur
_cTR-AnABB
041 _atur
082 _a307.760956511
_bKEL 2018
100 1 _aKeleş, Ruşen,
245 1 0 _aEski Ankara'da bir şehir tipolojisi /
_cRuşen Keleş
260 _aAnkara :
_bİdealkent Yayınları,
_c2018
300 _a226 sayfa ;
_c21 cm
650 0 4 _aAnkara
942 _2ddc
_cBK
999 _c9891
_d9891
900 _bGizem YORULMAZ